Das Jahr 2000 - Statistiken

Allgemein
  • Dieses Quiz wurde 48 mal gespielt
  • Das Durchschnittsergebnis liegt bei 10 aus 20
Antwortstatistiken
Nachricht Antwort % Korrekt
10. Juni: Die Fußball-Europameisterschaft 2000 in _______ und den Niederlanden hat begonnen. Belgien
93%
18. Januar: CDU-Spendenaffäre: Auf Aufforderung der Partei tritt Altbundeskanzler ______ ____ als Ehrenvorsitzender der CDU zurück. Helmut Kohl
93%
11. Mai: Die Bevölkerungszahl in ______ überschreitet nach offiziellen Angaben die Schwelle von einer Milliarde Einwohnern. Indien
93%
10. April: ______ ______, die Generalsekretärin der CDU, folgt Wolfgang Schäuble im Amt und wird Bundesvorsitzende der CDU Angela Merkel
91%
28. September: Dänemark: In einer Volksabstimmung lehnen die dänischen Wähler die Einführung der Gemeinschaftswährung ____ ab. Euro
89%
26. März: Bei den russischen Präsidentschaftswahlen wird der kommissarische Amtsinhaber ________ _____ schon im ersten Wahlgang mit 52,9 Prozent der Stimmen zum Präsidenten gewählt. Wladimir Putin
86%
25. Mai: ______ zieht sich aus dem Süden Libanons zurück und beendet die Besetzung des Libanons. Israel
77%
5. Mai: Es kommt um 10:08 MESZ zu einer sehr seltenen Planetenkonstellation: Von der Sonne aus gesehen zu einer Syzygie, von der Erde aus gesehen zu einer Konjunktion, bei der Erde, Mond, Sonne, Merkur, Venus, Mars, Jupiter und ______ fast auf einer Linie stehen. Saturn
75%
1. Juli: Die Öresundverbindung, eine 16 Kilometer lange Verbindung von Kopenhagen nach _____, wird durch Königin Margrethe II. von Dänemark und König Carl XVI. Gustaf von Schweden eröffnet. Malmö
68%
14. Oktober: „Harry Potter und ___ __________“ erscheint mit einer Startauflage von einer Million Exemplaren in Deutschland. der Feuerkelch
59%
14. Juni: In Deutschland wird der Atomkonsens paraphiert. Die rot-grüne Bundesregierung unter Gerhard Schröder vollzieht einen Wandel der Atompolitik und beginnt den ____________. Atomausstieg
50%
1. Juli: Das Recht auf ___________ Erziehung wird in Deutschland gesetzlich festgeschrieben. gewaltfreie
39%
12. Dezember: Eine Entscheidung des _______ _____ spricht George W. Bush den Sieg in der Wahl zum neuen Präsidenten der Vereinigten Staaten zu. Supreme Court
32%
3. Mai: Die Olsen Brothers gewinnen in Stockholm mit dem Lied ___ __ ___ _____ __ ____ für Dänemark die 45. Auflage des Eurovision Song Contest. Fly On The Wings Of Love
23%
9. September: Wegen seiner immensen Inflationsrate schafft _______ seine Währung Sucre ab und stellt auf den US-Dollar um. Ecuador
20%
18. Juli: Erstmals eröffnet ein britisches Staatsoberhaupt eine Botschaft im Ausland. Königin Elisabeth II. übergibt offiziell die Britische Botschaft in ______ als diplomatische Vertretung. Berlin
18%
28. November: Im Pechtropfenexperiment, das seit dem Jahr ____ läuft, fällt der achte Tropfen. 1927
14%
8. April: Einrichtung der ersten deutschen __________ in Hamburg-Altona. Babyklappe
9%
25. Juli: Bei dem Absturz einer französischen Concorde bei Paris kommen 113 Menschen ums Leben. Air France stellt daraufhin den Flugbetrieb mit der Concorde ein, die britische Luftfahrtbehörde entzieht der Concorde die Bescheinigung der ________________, die sie erst nach zahlreichen Konstruktionsänderungen wieder erlangt. Flugtauglichkeit
9%
21. April/22. April: Kämpfer der LTTE erobern in einem Überraschungsangriff die wichtige Militärbasis der sri-lankischen Armee am _____________. Elefantenpass
2%
Keine übereinstimmenden Quizze gefunden
Verteilung der Resultate
Anzahl Personen mit jedem Resultat
Perzentil nach korrekt beantworteten Fragen
Ihre Resultats-Entwicklung
Sie haben dieses Quiz noch nicht gespielt